000 00730cam a2200241 a 4500
001 000002829
005 20241009115416.0
008 930720s1992 ck 001 f spa
020 _a9586121135
040 _aDO-SdBNP
_cDLC
_dDLC
082 _aC808.83
_bS211p
100 1 _aSánchez Jiménez, Francisco
_98958
245 1 0 _aPrimas personas /
_cFrancisco Sánchez Jiménez.
260 _aBogotá :
_bColcultura,
_c1992.
300 _a129 p. ;
_c20 cm.
490 1 _aPremios nacional
490 1 _aLiteratura
650 4 _aNovela colombiana
_xColecciones
_98959
650 4 _aLiteratura colombiana
_91244
650 0 _aLiteratura
_93439
830 0 _aPremios nacional
_pLiteratura
_98960
910 _aCatalogación por copia / LC
999 _c2663
_d2663